000 00731nam a2200181 i 4500
001 114778
003 ES-MaACL
005 20230906190241.0
007 t|
008 070327s1888 sp ||||1| spa d
100 1 _aRíos y Rial, Cándido.
_997405
245 1 0 _aMemoria acerca del estado del Instituto Provincial de Guipúzcoa durante el curso de 1886 a 1887 /
_cpor Cándido Ríos y Rial.
260 _aSan Sebastián :
_b[s.n.],
_c1888 (
_fHijos de Baroja)
300 _a70 p. ;
_c20 cm.
610 2 4 _aInstituto Provincial de Segunda Enseñanza de Guipuzcoa (San Sebastián)-
_vMemorias.
_9144977
710 2 _aInstituto Provincial de Segunda Enseñanza de Guipúzcoa (San Sebastián)
_9134537
852 _aES-MaACL
_jT-467-F-8
999 _c114778
_d114778